000 00700nas a2200253 4500
001 BR5900091
003 BR-BrBNA
005 20231205082019.0
007 ta
008 230509b bl.|||p| |||| 00| 00por d
040 _aBR-BrBNA
_bpor
_cBiblioteca Nacional de Agricultura
041 _a(Pt)
072 _aE15
100 1 _aRey, H.
245 1 _aCooperativismo agricola na Franca [Capital; Credito]
_bpt. 1
650 _aMicroeconomia
650 _aCapital
650 _aCooperativa
650 _aCredito
650 _aFranca
773 0 _tSul - Coop. Cooperativismo (Brazil)
_x
_g(Mar 1959), v. 10(55) p. 3, 5
_wBR5900091
909 _a202311
_bLúcia
_c55
_dLúcia Elande
942 _2AGRIS
_n0
_cANA
999 _c88561
_d88561